[Event "GRE-ch Schools Gymnasia-A 30th"]
[Site "Peristeri"]
[Date "2018.04.01"]
[Round "2"]
[White "Athanasopoulos, Georgios"]
[Black "Tegos, Lampros"]
[Result "1-0"]
[WhiteElo "1724"]
[BlackElo "1167"]
[PlyCount "99"]
[EventDate "2018.04.01"]
[EventType "swiss (rapid)"]
[EventRounds "9"]
[EventCountry "GRE"]
[SourceTitle "EXT 2019"]
[Source "ChessBase"]
[SourceDate "2018.10.10"]
[SourceVersion "1"]
[SourceVersionDate "2018.10.10"]
[SourceQuality "1"]

1. d4 d5 2. c4 c6 3. Nc3 Nf6 4. Nf3 e6 5. Bg5 Be7 6. e3 Nbd7 7. Qc2 0-0 8. Rc1 h6 9. Bh4 Re8 10. Be2 dxc4 11. Bxc4 b5 12. Be2 Bb7 13. 0-0 a6 14. Rfd1 Rc8 15. Bxf6 Nxf6 16. Ne4 Nxe4 17. Qxe4 Qd7 18. Ne5 Qd5 19. Qg4 Bf6 20. e4 Qd6 21. Nf3 Be7 22. Ne5 Bf6 23. f4 Bxe5 24. dxe5 Qe7 25. Rf1 c5 26. Bd3 c4 27. Bc2 Qc5+ 28. Kh1 Qd4 29. b3 cxb3 30. axb3 Bxe4 31. Rfd1 Qc3 32. Bxe4 Qxc1 33. Bb7 Qc2 34. Bxc8 Rxc8 35. Qf3 Rc3 36. Qa8+ Kh7 37. Rf1 Qxb3 38. Qxa6 Rd3 39. Qb7 Rd1 40. Rg1 Rxg1+ 41. Kxg1 Qd1+ 42. Kf2 Qd2+ 43. Kf3 Qd3+ 44. Kg4 h5+ 45. Kxh5 Qf5+ 46. Kh4 Qxf4+ 47. Kh3 g5 48. g3 g4+ 49. Kh4 Kh6 50. gxf4 1-0